000 00729cam6a220020500 4500
001 tmp15738996
003 UPRA
005 20190830110108.0
008 951017s1869 xx spa u
035 _a(Sirsi) r69246
050 _aRARE DP702 GAR 1869
100 2 _aGarcia Ramos, Accurcio
245 1 0 _aNotica do archipelago dos Acores :
_be do que ha mais importante na sua historia natural./
_cAccurcio Garcia Ramos.
246 3 0 _aNoticia do archipelago dos Acores
260 _aAngra do Heroismo, Typ. Terceirense,
_c1869.
300 _axii,150p.:
_bill.
504 _aIncludes bibliographical references.
650 0 _aAzores -- Description and travel.
_xAzores -- Description and travel.
_6S22036.1
949 _aDP702
999 _c187858
_d187858